Bankovní sektor 1993.
Prvá časť prehľadu bánk v Českej republike po transformácii bývalej Štátnej banky československej do dvoch samostatných emisných bánk.
Guardado en:
| Formato: | Capítulo de libro |
|---|---|
| Lenguaje: | checo |
| Materias: | |
| Etiquetas: |
Sin Etiquetas, Sea el primero en etiquetar este registro!
|
MARC
| LEADER | 00000naa a2200000 4500 | ||
|---|---|---|---|
| 001 | r011450 | ||
| 005 | 20220826093317.8 | ||
| 041 | 0 | |a cze | |
| 044 | |a [CS] | ||
| 245 | 1 | 0 | |a Bankovní sektor 1993. |
| 520 | |a Prvá časť prehľadu bánk v Českej republike po transformácii bývalej Štátnej banky československej do dvoch samostatných emisných bánk. | ||
| 610 | 2 | 0 | |a banky |
| 610 | 2 | 0 | |a bankovníctvo |
| 610 | 2 | 0 | |a Čechy |
| 610 | 2 | 0 | |a 1993 |